[Event "COL-ch Superate A (Women)"]
[Site "Colombia"]
[Date "2015.10.19"]
[Round "2.6"]
[White "Papamija, Ingrid"]
[Black "Tovar Meza, Lina"]
[Result "0-1"]
[WhiteElo "1487"]
[BlackElo "1485"]
[PlyCount "100"]
[EventDate "2015.10.19"]
[EventType "swiss (rapid)"]
[EventRounds "6"]
[EventCountry "COL"]
[SourceTitle "EXT 2024"]
[Source "ChessBase"]
[SourceDate "2023.10.10"]
[SourceVersion "1"]
[SourceVersionDate "2023.10.10"]
[SourceQuality "1"]

1. e4 c5 2. Nc3 d6 3. Nf3 Nf6 4. d3 e6 5. Be2 Be7 6. 0-0 a6 7. Be3 b5 8. d4 Qc7 9. a3 Bb7 10. b4 c4 11. d5 exd5 12. exd5 0-0 13. Ng5 h6 14. Nh3 Nbd7 15. Bf3 Ne5 16. Nf4 Nfd7 17. Qd4 Nxf3+ 18. gxf3 Bf6 19. Qd2 Ne5 20. Qe2 Nxf3+ 21. Qxf3 Bxc3 22. Rad1 Qe7 23. Nh3 Qf6 24. Qg2 Bc8 25. Nf4 Qg5 26. Qxg5 hxg5 27. Ne2 Bh3 28. Ng3 Bxf1 29. Kxf1 Bf6 30. Nh5 Be5 31. h3 Bb2 32. Bxg5 Bxa3 33. Be7 Rfe8 34. Bxd6 a5 35. c3 axb4 36. cxb4 Rac8 37. Ra1 Bb2 38. Ra5 c3 39. Rxb5 c2 40. Bf4 Rc4 41. d6 Rxf4 42. Nxf4 c1Q+ 43. Kg2 Qc6+ 44. f3 Qxb5 45. h4 Be5 46. Nh3 Bxd6 47. h5 Re2+ 48. Nf2 Qb6 49. h6 Qxf2+ 50. Kh3 Qg3# 0-1

[Event "COL-ch Superate A (Women)"]
[Site "Colombia"]
[Date "2015.10.18"]
[Round "11.8"]
[White "Galvan Espalza, Eliana"]
[Black "Papamija, Ingrid"]
[Result "1-0"]
[WhiteElo "1600"]
[BlackElo "1487"]
[PlyCount "40"]
[EventDate "2015.10.18"]
[EventType "swiss (blitz)"]
[EventRounds "12"]
[EventCountry "COL"]
[SourceTitle "EXT 2024"]
[Source "ChessBase"]
[SourceDate "2023.10.10"]
[SourceVersion "1"]
[SourceVersionDate "2023.10.10"]
[SourceQuality "1"]

1. e4 e5 2. Nf3 Nc6 3. Nc3 Nf6 4. Bb5 Be7 5. Bxc6 dxc6 6. Nxe5 Bd6 7. Nc4 Be7 8. d3 0-0 9. Bg5 b5 10. Bxf6 Bxf6 11. Ne3 b4 12. Ne2 Rb8 13. 0-0 Be6 14. a3 b3 15. cxb3 Bxb3 16. Qc1 Be5 17. Qc5 Rb5 18. Qxc6 Ba4 19. Qc4 Qd7 20. Qxa4 c6 1-0

[Event "COL-ch Superate A (Women)"]
[Site "Colombia"]
[Date "2015.10.18"]
[Round "12.8"]
[White "Papamija, Ingrid"]
[Black "Galvan Espalza, Eliana"]
[Result "1-0"]
[WhiteElo "1487"]
[BlackElo "1600"]
[PlyCount "41"]
[EventDate "2015.10.18"]
[EventType "swiss (blitz)"]
[EventRounds "12"]
[EventCountry "COL"]
[SourceTitle "EXT 2024"]
[Source "ChessBase"]
[SourceDate "2023.10.10"]
[SourceVersion "1"]
[SourceVersionDate "2023.10.10"]
[SourceQuality "1"]

1. e4 e5 2. d3 Nc6 3. Nf3 Nf6 4. Nc3 d6 5. Be2 Bg4 6. 0-0 Bxf3 7. Bxf3 d5 8. exd5 Bb4 9. dxc6 bxc6 10. Bxc6+ Nd7 11. Bxa8 Qxa8 12. Bd2 0-0 13. d4 exd4 14. Re1 dxc3 15. bxc3 Bd6 16. c4 Qe8 17. Rxe8 Rxe8 18. Bc3 Ne5 19. f4 Nxc4 20. Qd4 Nb6 21. Qxg7# 1-0

[Event "COL-ch Superate A (Women)"]
[Site "Colombia"]
[Date "2015.10.18"]
[Round "6.8"]
[White "Rodas Jaramillo, Nathaly"]
[Black "Papamija, Ingrid"]
[Result "1-0"]
[WhiteElo "1407"]
[BlackElo "1487"]
[PlyCount "59"]
[EventDate "2015.10.18"]
[EventType "swiss (blitz)"]
[EventRounds "12"]
[EventCountry "COL"]
[SourceTitle "EXT 2024"]
[Source "ChessBase"]
[SourceDate "2023.10.10"]
[SourceVersion "1"]
[SourceVersionDate "2023.10.10"]
[SourceQuality "1"]

1. e4 e5 2. Nf3 Nc6 3. Nc3 Nf6 4. Bc4 d6 5. d3 Bd7 6. 0-0 Be7 7. Bg5 Bg4 8. Re1 0-0 9. h3 Bxf3 10. Qxf3 Nb4 11. Bb3 c6 12. h4 d5 13. exd5 cxd5 14. Nxd5 Nfxd5 15. Bxe7 Nxe7 16. h5 h6 17. Rxe5 Nec6 18. Re4 Rc8 19. Rae1 Qc7 20. a3 Na6 21. Bd5 Nc5 22. R4e2 Na5 23. b4 g6 24. hxg6 Kg7 25. bxa5 fxg6 26. Re7+ Qxe7 27. Rxe7+ Kh8 28. Qg4 g5 29. Qd4+ Rf6 30. Qxf6# 1-0